[Event "21st Mikhail Chigorin Memorial"]
[Site "Sochi URS"]
[Date "1987.??.??"]
[Round "?"]
[White "Sveshnikov, Evgeny"]
[Black "Lalic, Bogdan"]
[WhiteElo "2490"]
[BlackElo "2485"]
[Result "1/2-1/2"]
[EventDate "1987.10.01"]
[PlyCount "80"]

1. e4 e6 2. d4 d5 3. e5 c5 4. c3 Nc6 5. Nf3 Bd7 6. Be2 cxd4 7. cxd4 Nh6 8. O-O Nf5 9. Nc3 Be7 10. g4 Nh6 11. h3 O-O 12. Be3 f6 13. exf6 Rxf6 14. Ne5 Rf8 15. f4 Bb4 16. Bf3 Bxc3 17. bxc3 Nf7 18. Bg2 Rc8 19. Nxf7 Rxf7 20. f5 Kh8 21. Qd2 Qa5 22. fxe6 Bxe6 23. Rae1 Rxf1+ 24. Bxf1 Re8 25. Bf4 Qd8 26. Bg5 Qb8 27. Bg2 Bg8 28. Rf1 Qd6 29. Rf5 Rf8 30. Qf2 Rxf5 31. gxf5 h6 32. Bh4 Bf7 33. f6 g5 34. Bg3 Qa3 35. Qd2 Kh7 36. Qd3+ Kh8 37. Kh2 Qxa2 38. h4 Nd8 39. hxg5 hxg5 40. Qf5 Kg8 1/2-1/2

[Event "21st Mikhail Chigorin Memorial"]
[Site "Sochi URS"]
[Date "1987.??.??"]
[Round "?"]
[White "Sveshnikov, Evgeny"]
[Black "Panchenko, Alexander"]
[WhiteElo "2490"]
[BlackElo "2450"]
[Result "1/2-1/2"]
[EventDate "1987.10.01"]
[PlyCount "62"]

1. e4 e5 2. Nf3 d6 3. d4 Nf6 4. Nc3 Nbd7 5. Bc4 Be7 6. O-O O-O 7. Qe2 c6 8. a4 h6 9. Rd1 Qc7 10. a5 Re8 11. Ba2 exd4 12. Rxd4 Bf8 13. Be3 Nc5 14. Nd2 Ng4 15. Bf4 Ne6 16. Bxe6 Bxe6 17. Nc4 Ne5 18. Ne3 g6 19. Bg3 f5 20. Qd2 Qf7 21. exf5 gxf5 22. Ne2 c5 23. Rxd6 Nc4 24. Nxc4 Bxc4 25. Nf4 Bxd6 26. Qxd6 Qe7 27. Qg6+ Qg7 28. Qxf5 Qxb2 29. Rd1 Rad8 30. Nd3 Bxd3 31. cxd3 Qd4 1/2-1/2

[Event "21st Mikhail Chigorin Memorial"]
[Site "Sochi URS"]
[Date "1987.??.??"]
[Round "?"]
[White "Sveshnikov, Evgeny"]
[Black "Pigusov, Evgeny"]
[WhiteElo "2490"]
[BlackElo "2520"]
[Result "1/2-1/2"]
[EventDate "1987.10.01"]
[PlyCount "83"]

1. e4 c5 2. c3 Nf6 3. e5 Nd5 4. d4 cxd4 5. Qxd4 e6 6. Nf3 Nc6 7. Qe4 d6 8. Nbd2 Qc7 9. Nc4 dxe5 10. Ncxe5 Nf6 11. Qa4 Bd6 12. Nxc6 Bd7 13. Bg5 Qxc6 14. Qxc6 Bxc6 15. Nd4 Bd7 16. Bb5 O-O-O 17. Bxf6 gxf6 18. Ke2 Rhg8 19. g3 Bc5 20. Bxd7+ Rxd7 21. Nb3 Bb6 22. Rad1 h5 23. Nd2 f5 24. Nc4 Bc7 25. f4 h4 26. Kf3 Kd8 27. Ne3 hxg3 28. hxg3 Rxd1 29. Rxd1+ Ke7 30. c4 Bb6 31. Re1 Bxe3 32. Rxe3 Rc8 33. Rc3 Kd6 34. b4 Kc6 35. Rd3 Rg8 36. c5 b6 37. a4 bxc5 38. Rc3 Rb8 39. Rxc5+ Kd6 40. Ra5 Rxb4 41. Rxa7 Rb3+ 42. Kg2 1/2-1/2

[Event "21st Mikhail Chigorin Memorial"]
[Site "Sochi URS"]
[Date "1987.??.??"]
[Round "?"]
[White "Tukmakov, Vladimir"]
[Black "Horvath, Jozsef"]
[WhiteElo "2580"]
[BlackElo "2465"]
[Result "1/2-1/2"]
[EventDate "1987.10.01"]
[PlyCount "150"]

1. d4 d5 2. c4 c6 3. Nc3 Nf6 4. e3 e6 5. Nf3 Nbd7 6. Bd3 dxc4 7. Bxc4 b5 8. Bd3 a6 9. e4 c5 10. e5 cxd4 11. Nxb5 Ng4 12. Qa4 Rb8 13. Nd6+ Bxd6 14. exd6 Qb6 15. h3 Ngf6 16. Qxd4 Qxd4 17. Nxd4 Rb6 18. Nb3 Rxd6 19. Be2 O-O 20. O-O Nd5 21. Bd2 Ne5 22. Rfd1 Nc6 23. Be3 Rfd8 24. Bc5 R6d7 25. Bf1 Ndb4 26. Rdc1 Rb7 27. Be3 a5 28. Nc5 Rb8 29. Na4 Bd7 30. Rc5 Be8 31. b3 Rd5 32. Nc3 Rxc5 33. Bxc5 Rd8 34. Bb5 h6 35. a3 Nd5 36. Ne4 Ne5 37. a4 f5 38. Bxe8 Rxe8 39. Nd6 Rb8 40. Nb5 Nd3 41. Bd6 Rc8 42. Rd1 Rc1 43. Rxc1 Nxc1 44. Nd4 Nc3 45. Bc7 e5 46. Bxe5 N3e2+ 47. Nxe2 Nxe2+ 48. Kf1 Nc1 49. Bc3 Nxb3 50. Ke2 Nc5 51. Bd4 Nxa4 52. Kd3 Kf7 53. Kc4 Ke6 54. Bxg7 Nb6+ 55. Kb5 Nd5 56. Bxh6 f4 57. Kxa5 Kf5 58. Bg7 Ne7 59. Kb5 Ng6 60. Bh6 Ne5 61. Bg7 Nd3 62. Bd4 Ne1 63. g4+ fxg3 64. fxg3 Nf3 65. Be3 Ke4 66. Bf2 Ne5 67. h4 Kf3 68. Be1 Kg4 69. Kb6 Nd3 70. Bc3 Kxg3 71. h5 Kg4 72. h6 Nf4 73. Kc6 Kh5 74. h7 Ng6 75. Bg7 Nh8 1/2-1/2

[Event "21st Mikhail Chigorin Memorial"]
[Site "Sochi URS"]
[Date "1987.??.??"]
[Round "?"]
[White "Tukmakov, Vladimir"]
[Black "Kharitonov, Andrei"]
[WhiteElo "2580"]
[BlackElo "2450"]
[Result "1/2-1/2"]
[EventDate "1987.10.01"]
[PlyCount "61"]

1. d4 Nf6 2. c4 e6 3. g3 d5 4. Bg2 Bb4+ 5. Nd2 c5 6. Ngf3 Nc6 7. dxc5 Bxc5 8. O-O O-O 9. e3 Qe7 10. a3 a5 11. b3 Rd8 12. Qc2 b6 13. Bb2 Bb7 14. cxd5 exd5 15. Rfe1 Rac8 16. Qf5 Qd7 17. Qxd7 Nxd7 18. Bh3 Ra8 19. Red1 Nf8 20. Ne5 Nxe5 21. Bxe5 Ng6 22. Bd4 Bxd4 23. exd4 Bc8 24. Bg2 Be6 25. Rac1 Rac8 26. Nf1 Ne7 27. Ne3 Kf8 28. Kf1 Ke8 29. Ke2 Kd7 30. f4 Kd6 31. Kd2 1/2-1/2

[Event "21st Mikhail Chigorin Memorial"]
[Site "Sochi URS"]
[Date "1987.??.??"]
[Round "?"]
[White "Tukmakov, Vladimir"]
[Black "Lalic, Bogdan"]
[WhiteElo "2580"]
[BlackElo "2485"]
[Result "1/2-1/2"]
[EventDate "1987.10.01"]
[PlyCount "100"]

1. d4 Nf6 2. c4 g6 3. g3 Bg7 4. Bg2 O-O 5. Nf3 d5 6. cxd5 Nxd5 7. O-O Nb6 8. Nc3 Nc6 9. e3 e5 10. d5 Na5 11. e4 c6 12. Bg5 f6 13. Be3 cxd5 14. exd5 Nac4 15. Bc5 Rf7 16. Nd2 f5 17. Nxc4 Nxc4 18. Qe2 Nd6 19. Rac1 Qf6 20. Nb5 Nxb5 21. Qxb5 b6 22. Qe8+ Bf8 23. Bxf8 Rxf8 24. Qc6 Ba6 25. Rfe1 e4 26. Qxf6 Rxf6 27. f3 Bd3 28. fxe4 fxe4 29. Bxe4 Bxe4 30. Rxe4 Rd8 31. Re7 Rf7 32. Rxf7 Kxf7 33. Rc7+ Kf6 34. Rxh7 Rxd5 35. Rxa7 Rd1+ 36. Kf2 Rd2+ 37. Kf3 Rxb2 38. h4 b5 39. g4 b4 40. g5+ Kf5 41. Rf7+ Ke5 42. Re7+ Kf5 43. Rf7+ Ke5 44. Rf6 b3 45. axb3 Rxb3+ 46. Kg4 Rb4+ 47. Kg3 Rb3+ 48. Rf3 Rb4 49. Kh3 Ra4 50. Rg3 Kf5 1/2-1/2

[Event "21st Mikhail Chigorin Memorial"]
[Site "Sochi URS"]
[Date "1987.??.??"]
[Round "?"]
[White "Tukmakov, Vladimir"]
[Black "Ortega, Lexy"]
[WhiteElo "2580"]
[BlackElo "2440"]
[Result "1-0"]
[EventDate "1987.10.01"]
[PlyCount "52"]

1. d4 Nf6 2. c4 e6 3. Nf3 c5 4. d5 exd5 5. cxd5 Bd6 6. Nc3 Bc7 7. g3 d6 8. Bg2 O-O 9. O-O a6 10. a4 Re8 11. Nd2 Nbd7 12. h3 Rb8 13. Rb1 Qe7 14. Qc2 Ne5 15. b3 Bd7 16. Bb2 h5 17. f4 Neg4 18. hxg4 Qe3+ 19. Kh1 Qxg3 20. Rf3 Qh4+ 21. Rh3 Qxg4 22. Rf1 Nxd5 23. Nxd5 Rxe2 24. Rg1 Kf8 25. Bf1 Qe6 26. Bxg7+ Ke8 1-0